000 00308nam a2200133Ia 4500
008 240624s9999 xx 000 0 und d
041 _aeng
082 _a823 SET
100 _aSETH VIKRAM
245 _aGOLDEN GATE
260 _c2012
_aNew Delhi
_bPenguin Books
300 _a307p. ; 20cm.
365 _cRS
_b25
999 _c19907
_d19907